00954 2200337 4500001002100000005001500021007000300036008004100039020002200080035002000102040001700122041000800139082001100147084001700158090002300175100002500198245010300223250001000326260003500336300003400371500002800405650000900433700001800442850001000460990002400470990002400494990002500518990002500543990002400568990002400592INLIS00000000000201320260603123812ta260603 1  a978-979-29-6118-8 a0010-0120000456 aSBPUPADbind aind a398.23 a398.23 WIN k a158.1 MIC l T4-R 40 aWikanda Satria Putra1 aSeri Cerita Dongeng Dunia :bKumpulan Dongeng Negeri Italia /cWikanda Satria Putra; Editor, Ignas aCet.1 aYogyakarta ; :bRainbow,c2017 aiv, 90 hlm. :bilus. ;c23 cm aTentang Penulis, hlm 85 4aAnak0 aEditor: Ignas aPUPAD a31.333/DAK/DPK/2019 a31.334/DAK/DPK/2019 a31.335/APBD/DPK/2019 a31.336/APBD/DPK/2019 a33.332/DAK/DPK/2019 a33.333/DAK/DPK/2019